Una aproximación al concepto neuroeducación (Registro nro. 28926)
[ vista simple ]
| 000 -LEADER | |
|---|---|
| fixed length control field | 00417 a2200109 4500 |
| 001 - CONTROL NUMBER | |
| control field | ART_42455 |
| 005 - DATE AND TIME OF LATEST TRANSACTION | |
| control field | 20260410161935.0 |
| 008 - FIXED-LENGTH DATA ELEMENTS--GENERAL INFORMATION | |
| fixed length control field | 260409a |
| 100 1# - MAIN ENTRY--PERSONAL NAME | |
| Personal name | Frattoni, Horacio |
| 245 10 - TITLE STATEMENT | |
| Title | Una aproximación al concepto neuroeducación |
| 773 0# - HOST ITEM ENTRY | |
| Title | Boletin del Consejo Profesional de Ciencias Económicas de la Provincia de Santa Fe (camara segunda) |
| Related parts | - Año XXVII, Nº 332 (jun. 2017) |
| Record control number | REV25058 |
No hay ítems disponibles.